UBT Library

Encyclopedia of minerals / (Record no. 39365)

000 -LEADER
fixed length control field 00642pam a2200217 a 4500
001 - CONTROL NUMBER
control field 4343344
005 - DATE AND TIME OF LATEST TRANSACTION
control field 20171226043149.0
008 - FIXED-LENGTH DATA ELEMENTS--GENERAL INFORMATION
fixed length control field 890228s1990 nyuaf bd 000 0 eng
010 ## - LIBRARY OF CONGRESS CONTROL NUMBER
LC control number 89005633
020 ## - INTERNATIONAL STANDARD BOOK NUMBER
International Standard Book Number 0442276818
040 ## - CATALOGING SOURCE
Original cataloging agency DLC
Transcribing agency DLC
Modifying agency DLC
041 ## - LANGUAGE CODE
Language code of text/sound track or separate title eng
080 ## - UNIVERSAL DECIMAL CLASSIFICATION NUMBER
Universal Decimal Classification number 549.0321
082 00 - DEWEY DECIMAL CLASSIFICATION NUMBER
Classification number 549.0321 ROB
Edition number 19
100 1# - Rafti
Rafti 27
101 ## - Shkurtesa
Shkurtesa ENC
245 10 - TITLE STATEMENT
Title Encyclopedia of minerals /
Statement of responsibility, etc Willard Lincoln Roberts, Thomas J. Campbell, George Robert Rapp, Jr. ; photo editor, Wendell E. Wilson.
504 ## - BIBLIOGRAPHY, ETC. NOTE
Bibliography, etc Includes bibliographical references.
906 ## - LOCAL DATA ELEMENT F, LDF (RLIN)
a 7
b cbc
c orignew
d 1
e ocip
f 19
g y-gencatlg
942 ## - ADDED ENTRY ELEMENTS (KOHA)
Source of classification or shelving scheme
Item type Books
Holdings
Withdrawn status Lost status Source of classification or shelving scheme Damaged status Not for loan Collection code Permanent location Current location Shelving location Date acquired Total Checkouts Full call number Barcode Date last seen Price effective from Koha item type
          Koleksioni i përgjithshem UBT - Lipjan UBT - Lipjan Koleksioni i përgjithshem 12/26/2017   549.0321 ROB 002-29643 12/26/2017 12/26/2017 Reference
UBT Library © 2015-2024. All rights reserved University Education for Business and Technology